000 00296nam a22001337a 4500
008 170407b xxu||||| |||| 00| 0 eng d
020 _a357952
041 _aeng
080 _22ND
_a616
100 _a9
101 _aSHM
245 _aPATHOLOGY OF THE KIDNEY
_cHEPTINSTALL, R.H
942 _2udc
_cBK
999 _c10264
_d10264